000 01070nam a2200349 i 4500
003 EG-GICUC
005 20260423130611.0
008 260423s1978 nyua|||fr|||| 001 0 eng d
020 _a0-03-043961-1 pbk.
040 _aEG-GiCUC
_beng
_cEG-GiCUC
_dEG-GiCUC
_erda
041 0 _aeng
082 0 4 _221
_a343.6
_bGL . C
092 0 4 _221
099 _aLaw1 10 343.6 GL . C 1978
100 1 _a Glaser . Daniel
_eAuthor.
245 1 0 _aCrime In Our Changing Society /
_cDaniel Glaser .
264 4 _aNew York :
_bHolt, Rinehart And Winston ,
_c1978 .
300 _a555 pages :
_bphotographs,
_c24 cm
336 _2rda content
_atext
337 _2rda media
_aComputer
338 _2rda carrier
_aOnline Resource
500 _a includes a subject index.
500 _aIncludes an author index .
504 _aBibliography: page 533.
546 _aText in English
650 1 4 _aCriminology
_2qrmak
650 1 4 _aCrime in society
651 1 _2qrmak
856 4 0 _uhttps://fll.law.cu.edu.eg/fulltext/bks/B10-10717.pdf
905 _a165
942 _2ddc
_cBK
_e21
_n0
999 _c73072
_d73072